| 000 | 01050nam0a22002771 4500 | ||
|---|---|---|---|
| 001 | rc\3133774 | ||
| 005 | 20250530070819.0 | ||
| 021 |
_aRU _b75-57228 |
||
| 021 |
_aRU _bРг531-76 |
||
| 035 | _a(NLR Aleph) 007286695 | ||
| 090 |
_a5566471 _c5566471 |
||
| 100 | _a20120615d1975 |||y0rusy50 ca | ||
| 101 | 0 | _arus | |
| 102 | _aRU | ||
| 105 | _ay z ||||| | ||
| 200 | 1 |
_aАктуальные проблемы аграрной политики партии на современном этапе _fНауч.-техн. о-во сел. хоз-ва. Центр. правл. Ин-т усовершенствования знаний специалистов сел. хоз-ва |
|
| 210 |
_aМосква _cРоссельхозиздат _d1975 |
||
| 215 |
_a15 с. _d22 |
||
| 300 | _aНа обл. авт. не указан | ||
| 320 | _aБиблиогр.: с. 14 | ||
| 700 | 1 |
_aРябова _bР.В. _gРаиса Владимировна |
|
| 801 | 0 |
_aRU _bNLR _gpsbo |
|
| 801 | 1 |
_aRU _bELAR _2rusmarc |
|
| 852 |
_aNLR _j76-6/528 |
||
| 942 | _cBOOK | ||
| 980 | _aNB | ||